000 00322nam a22001337a 4500
008 210511b ||||| |||| 00| 0 eng d
041 _aeng
080 _23rd
_a37
082 _a37
100 _a46
101 _aEDU
245 _aTransition Education Services for Adolescents
_cPatricia L. Sitlington
942 _2udc
_cBK
999 _c57190
_d57190